載入...

Feast for crows: book four of a song of ice and fire

書目詳細資料
主要作者: Martin George R R
格式: Printed Book
出版: London Harper Voyager 2011
主題:
LEADER 00526nam a22001577a 4500
003 OSt
020 |a 9780006486121 
082 |a 823.1  |b MAR/FE 
100 |a Martin George R R 
245 |a Feast for crows:  |b book four of a song of ice and fire 
260 |a London  |b Harper Voyager  |c 2011 
300 |a 849 Pages 
650 |a English fiction 
942 |2 ddc  |c BK 
999 |c 141612  |d 141612 
952 |0 0  |1 0  |2 ddc  |4 0  |6 823_100000000000000_MARFE  |7 0  |9 140527  |a KAUCLV  |b KAUCLV  |c GENERAL  |d 2015-09-09  |g 499.00  |o 823.1 MAR/FE  |p 224441  |r 2015-09-09  |w 2015-09-09  |y BK